| 000 | 00825nam a2200265 u 4500 | ||
|---|---|---|---|
| 001 | 000040605 | ||
| 005 | 20200120222344.0 | ||
| 008 | 100826s2007 sp a ar 000 0 spa d | ||
| 020 | _a9788426135995 | ||
| 043 | _ae--sp--- | ||
| 090 |
_aA _bHORu |
||
| 100 | 1 | _aHoracek, Petr | |
| 245 | 1 | 0 |
_aUna casa a la medida / _cPetr Horacek; traducción: Élodie Bourgeois Bertín. |
| 250 | _a1a. ed. | ||
| 260 |
_aBarcelona : _bJuventud, _c2007. |
||
| 300 |
_a26 p. : _bil., col. |
||
| 500 | _aEj. 1 Roma, Chicala, Ruedas 4 ISBN: 9788426136343 | ||
| 500 | _aEj. 1 Biblioteca Mosquera ISBN: 9788426136343 | ||
| 534 | _tA new house for mouse | ||
| 650 | 1 | 7 | _aÁlbum |
| 650 | 2 | 7 | _aLiteratura infantil |
| 650 | 2 | 7 | _aAnimales en la literatura |
| 650 | 2 | 7 | _aLibros ilustrados para niños |
| 700 | 1 |
_aBourgeois Bertín, Elodie _etr. |
|
| 999 |
_c2466 _d2466 |
||